000 00269nam a2200109Ia 4500
008 190919s9999||||xx |||||||||||||| ||und||
100 _aKevin Loney
245 0 _aOracle 9i the complete Reference
260 _aIndia
_bOracle Press
_c1992
300 _a147
942 _cBK
999 _c10707
_d10707